000 00430cam a2200181ua 4500
001 3914
008 111208n ii |||gr||||Z||||||asm
040 _cMAIN
082 _a891.4511
100 1 _aBaruah, Debakanta,
245 1 1 _aSagor dakhisa
_cby Debakanta Baruah
250 _a3rd.
260 _aGuwahati:
_bAssam book depot,966.
300 _a77p:
_c23cm.
653 _aAssamese poem
653 _aSagor dakhisa
942 _cBK
999 _c3736
_d3736